000 00525nam a2200205Ia 4500
003 GCL
008 140319s9999 xx 000 0 eng d
040 _aGCL /
_cGCL
082 0 4 _aCH
_b823.087
_bGT
100 1 _aGALAL, MOHAMED
245 1 0 _aTRAIL AT MIDNIGHT : A NOVEL /
_cGALAL, MOHAMED
700 1 _aSELAIHA, NEHAD
260 _a[S.N] :
_bMINISTRY OF CULTURE, EGYPT ،
_c1992
300 _a103
650 0 4 _aLITERATURE
650 0 4 _aCHILDREN
650 0 4 _aTALES
650 0 4 _aCHILDREN - STORIES
942 _2ddc
_cBK
999 _c25377
_d25377